00694nam a2200241 a 4500001001300000003000900013005001700022008004100039020001000080082001500090100001500105245002600120260003600146300000900182500003500191505004000226650002600266700001500292902000800307942000700315952011500322999001500437nice12345678IN_TiNIC20260116012219.0050524s0000 lona grp 000 0 eng  ac10000a220.9bMAC aMac Lear,  aOld Testament History aLondonbMacmillan and Co.c0000 a124p aincludes index and biblioraphy2 aappendix, bibliography and indexes. aOld Testament-History1 aMac Lear,  bSRS cBK 001040708StackRoom-aHMIbHMId2007-06-21g100.00l0o220.9 MACp08611r2007-06-21v100.00w2005-05-24yBK c6106d6106